00556nam a22001817a 450000500170000001000150001702000260003203500140005803700130007208200090008510000240009424500710011826000520018927000610024130000210030270000270032371000240035020240402152243.0 aENG-139756 a9789351651772c150.00 aEN-123288 bDBAD/PUB aS21 aSoni krishna murari a88 Pearls:bA collection of short stories/cBy Krishna Murari Soni aNew Delhi bDiamond Pocket Books (P) Ltd.c2014 bNew DelhiaX-30, Okhla Industrial area, Phase-IIe110020 a216p.c22cm(pbk) aDr.Krishna Murari Soni aPiyush SonieAuthor